00754nam a2200229 a 4500003000900000005001700009008004100026040001300067100001900080245015300099260003300252300003300285490004500318650002400363650001100387650002700398650001300425650001000438653002300448653001900471700003400490AR-BaBNM20251128203821.0082120s2002 ||||||||||||||000 | spa|| cAR-BaBNM1 aDuquet, Pierre00aLos recortes pegados en el arte infantilbpapel trozado, papel alquitranado, pegados murales, mosaicos, sombras chinescas, vitrales, tapices pegados aBuenos AiresbKapeluszc1962 a107 p.bil., diagr., láms. 0aTécnicas de la Educación Artística 4aEDUCACION ARTISTICA 4aDIBUJO 4aMETODOS DE ENSEÑANZA 4aGRAFICOS 4aCOLOR aEDUCACION PRIMARIA aTRABAJO MANUAL1 aThomas, Juan Jorgeetraductor